000 00307nam a2200109 4500
008 240219b |||||||| |||| 00| 0 eng d
245 _aEthics in action-Vol. 2, no. 5 (October 2008)
260 _aHong Kong :
_bAsian human rights commission,
_c2008
300 _b44 p.
650 _aIslam -- Ethics
942 _cCR
999 _c4768
_d4768